000 00909cam a2200313 i 4500
001 4597160
003 GBCCL
005 20251107121556.0
008 760317r1976 nyu b 001 0 eng
020 _a0689107285
020 _a9780689107283
035 _a4597160
040 _aDLC
_cDLC
_dDLC
082 0 0 _a270
_bJOH 1
100 1 _aJohnson, Paul,
_d1928-
245 1 2 _aA history of Christianity /
_cPaul Johnson.
250 _a1st American ed.
260 _aNew York :
_bAtheneum,
_c1976.
300 _aviii, 556 p. ;
_c24 cm.
336 _atext
_btxt
_2rdacontent
337 _aunmediated
_bn
_2rdamedia
338 _avolume
_bnc
_2rdacarrier
500 _aIncludes index.
504 _aBibliography: p. [519]-533.
650 0 _aChurch history.
906 _a7
_bcbc
_corignew
_d1
_eocip
_f19
_gy-gencatlg
942 _2ddc
_cBK
_n0
999 _c10993
_d10993